| 000 | 00807nam a22002177a 4500 | ||
|---|---|---|---|
| 005 | 20240530110335.0 | ||
| 008 | 140907s2004 ua g 000 0 ara d | ||
| 017 | _a8211/2004 | ||
| 020 | _a977305733x | ||
| 040 | _aEG-CaGPL | ||
| 082 | 0 | 4 |
_221 _aا069.150962 _bط/أ ك |
| 100 | 0 |
_aانجي فايد _eمعد |
|
| 245 | 1 | 0 |
_aكتالوج المتحف المصرى للاطفال : _bمن الطفل الى الطفل / _cانجي فايد |
| 260 |
_aالقاهره : _bالمجلس الاعلي للاثار ، _c2004 |
||
| 300 |
_a53ص ، _bايض صور لو ؛ _c24 سم |
||
| 490 |
_aسلسه الثقافه الاثريه اعرف حضاره بلدك _v4 |
||
| 650 | 0 | 7 | _aالمتحف المصرى |
| 650 | 0 | 7 | _aقصص الاطفال |
| 700 | 0 |
_aزاهي حواس _eمشرف |
|
| 942 |
_2ddc _cBK |
||
| 999 |
_c59779 _d59779 |
||